Modulus mapping of rubbers using micro-and nano-indentation techniques (2001 Reviews) (Record no. 63142)

MARC details
000 -LEADER
fixed length control field 00464nam a2200157Ia 4500
100 ## - MAIN ENTRY--AUTHOR NAME
Personal name Gillen Kenneth
245 #0 - TITLE STATEMENT
Title Modulus mapping of rubbers using micro-and nano-indentation techniques (2001 Reviews)
260 ## - PUBLICATION, DISTRIBUTION, ETC. (IMPRINT)
Name of publisher Rubber Chemistry and Technology
Year of publication 2001
300 ## - PHYSICAL DESCRIPTION
Number of Pages 428-450
650 ## - SUBJECT ADDED ENTRY--TOPICAL TERM
Topical Term Modulus mapping
650 ## - SUBJECT ADDED ENTRY--TOPICAL TERM
Topical Term Nano-indenters
700 ## - ADDED ENTRY--PERSONAL NAME
Personal name Terrill Edward R
700 ## - ADDED ENTRY--PERSONAL NAME
Personal name Winter Robb M
942 ## - ADDED ENTRY ELEMENTS (KOHA)
Koha item type Journals
Holdings
Withdrawn status Lost status Damaged status Not for loan Home library Current library Shelving location Date acquired Serial Enumeration / chronology Koha item type
      Journals RRII Library RRII Library Rubber chemistry 31/01/2002 Volume 74, Issue 3 Journals